000 00490nam a2200181Ia 4500
008 090124s9999 xx 000 0 und d
082 _b34662
100 _aदामले आशा
245 _a घरदार
250 _a0
260 _bपुरुषोत्तम प्रकाशन
_c1997
300 _a85
600 _aदामले आशा
630 _a घरदार
700 _aदामले आशा
730 _a घरदार
942 _cBOOK
999 _c100596
_d100596